01405pab a2200169 454500008004000000100001900040245007300059260000900132300001500141520085100156650002801007650001801035773005101053909001001104999001701114952010401131180718b1996 xxu||||| |||| 00| 0 eng d aPeters, B. Guy aThe policy process in developed and less developed political systems c1996 ap.1639-668 aThe author argues that we do not really know how different the policymaking systems of developed and developing nations are. In his view, policymaking in less developed regimes is different from that which occurs in more affluent countries. However, the differences are frequently overstated. After analyzing several problems of the policymaking process, Peters concludes that the differences are largely those of degree rather than of fundamentally different types of policy problems and processes. He concludes that what may matter is the degree of difficulty governments encounter in policymaking, and in some ways the less developed countries may actually enjoy some real advantages. At the same time, however, they have more informational, financial and ideological barriers that impose political limitations on policy learning. - Reproduced aPolitics and government aPublic policy aInternational Journal of Public Administration a32703 c32703d32703 00104070aIIPAbIIPAd2018-07-19hVolume no: 19, Issue no: 9pAR32902r2018-07-19w2018-07-19yAR